A carregar...
Malayala niroopanam-innale
| Autor principal: | |
|---|---|
| Formato: | Printed Book |
| Publicado em: |
Thiruvananthapuram, Kerala Bhasha Institute
1994
|
| LEADER | 004060000a22001210004500 | ||
|---|---|---|---|
| 040 | |a MAL | ||
| 082 | |a A09 N42 | ||
| 100 | |a Guptan Nair, S; Ed | ||
| 245 | |a Malayala niroopanam-innale | ||
| 260 | |a Thiruvananthapuram, Kerala Bhasha Institute | ||
| 260 | |c 1994 | ||
| 999 | |c 19419 |d 19419 | ||
| 952 | |0 0 |1 0 |4 0 |6 A_000000000000000_09_N42 |7 0 |8 MAL |9 19234 |a MGUL |b MGUL |d 2013-07-16 |l 2 |o A09 N42 |p 23714 |r 2019-10-29 |s 2019-10-23 |w 2013-07-16 |y BK | ||